[Event "Mechanics' Peter Grey TNM; G/2 d5"]
[Site "San Francisco"]
[Date "2017.09.05"]
[Round "5.25"]
[White "Erdenebileg, Dashz"]
[Black "Hack, Richard"]
[Result "0-1"]
[WhiteElo "991"]
[BlackElo "1608"]
[PlyCount "50"]
[EventDate "2017.??.??"]

1. e4 e5 2. Nc3 Nf6 3. Bc4 Nc6 4. a3 Bc5 5. b4 Bb6 6. Qf3 Nd4 7. Qd1 O-O 8. Nf3
d6 9. h3 a5 10. b5 a4 11. Rb1 Ne6 12. d3 h6 13. Qe2 Ba5 14. Bd2 Nf4 15. Qf1 Be6
16. Bxe6 Nxe6 17. Na2 c6 18. bxc6 bxc6 19. Bxa5 Qxa5+ 20. Nd2 Rab8 21. Rxb8
Rxb8 22. c3 Rb2 23. Nb4 Qc5 24. g3 Qxc3 25. Qe2 Rb1+ 0-1

[Event "Mechanics' Winter TNM; G/2"]
[Site "San Francisco"]
[Date "2017.01.24"]
[Round "4.42"]
[White "Erdenebileg, Erkhe"]
[Black "Cowgill, Jackie"]
[Result "1-0"]
[WhiteElo "1412"]
[BlackElo "914"]
[Annotator "Donaldson"]
[PlyCount "97"]
[EventDate "2017.??.??"]

1. e4 e5 2. Nf3 Nc6 3. Bc4 Bc5 4. c3 Nf6 5. d4 exd4 6. cxd4 Bb4+ 7. Nc3 Nxe4 8.
O-O Bxc3 9. bxc3 (9. d5) 9... O-O (9... d5) 10. Qd3 (10. d5) 10... d5 11. Bb5
a6 (11... Bf5) 12. Bxc6 bxc6 13. c4 Nf6 14. Bg5 a5 15. Rfe1 Be6 16. c5 Re8 17.
Ne5 Qc8 18. Bxf6 gxf6 19. Nf3 Qd7 20. h3 Bf5 21. Qd2 Rxe1+ 22. Rxe1 a4 23. a3
Kg7 24. Qf4 Rb8 25. Qg3+ Bg6 26. Nh4 Kf8 27. Nxg6+ fxg6 28. Qf4 Qf5 29. Qxc7
Rb1 30. Qe7+ Kg8 31. Rxb1 Qxb1+ 32. Kh2 Qb2 33. Qe6+ Kg7 34. Qe3 Qb3 35. Kg1
Qxe3 36. fxe3 f5 37. Kf2 h5 38. Kf3 g5 39. g3 Kf6 40. h4 f4 41. hxg5+ Kxg5 42.
exf4+ Kf5 43. Ke3 Kg4 44. Kd2 Kf5 45. Kd3 h4 46. gxh4 Kxf4 47. Kc3 Kg4 48. Kb4
Kxh4 49. Kxa4 1-0

[Event "Mechanics' Summer TNM; G/2 d5"]
[Site "San Francisco"]
[Date "2017.05.30"]
[Round "2.39"]
[White "Erdenebileg, Erkhe"]
[Black "Garfield, Nicholas"]
[Result "1-0"]
[WhiteElo "1499"]
[BlackElo "1104"]
[PlyCount "53"]
[EventDate "2017.??.??"]

1. e4 e6 2. d4 d5 3. Nc3 c5 4. exd5 exd5 5. Bb5+ Nc6 6. h3 Nf6 7. Nf3 Qb6 8.
Qe2+ Be6 9. Na4 Qa5+ 10. Bd2 Qc7 11. Nxc5 Bxc5 12. dxc5 a6 13. Bxc6+ bxc6 14.
Nd4 Ne4 15. Nxe6 fxe6 16. O-O O-O 17. a3 Nxc5 18. Bb4 Qa7 19. Qe3 Na4 20. Bxf8
Kxf8 21. Qxe6 Qc5 22. Qf5+ Kg8 23. b4 Qd4 24. Qe6+ Kh8 25. Qxc6 Rf8 26. Qxa4
Kg8 27. Rae1 1-0

[Event "Mechanics' Peter Grey TNM; G/2 d5"]
[Site "San Francisco"]
[Date "2017.08.22"]
[Round "3.13"]
[White "Erdenebileg, Erkhe"]
[Black "Poling, Scott E"]
[Result "0-1"]
[WhiteElo "1421"]
[BlackElo "1837"]
[PlyCount "52"]
[EventDate "2017.??.??"]

1. e4 c5 2. Nf3 e6 3. d4 cxd4 4. Nxd4 a6 5. Nc3 Qc7 6. Be2 Nf6 7. Bg5 Bb4 8.
O-O Bxc3 9. bxc3 Nxe4 10. Bd2 Nxc3 11. Bxc3 Qxc3 12. Nf3 d5 13. Re1 O-O 14. Bd3
h6 15. Qe2 Nc6 16. a4 Bd7 17. Rab1 Rab8 18. Qd2 Qxd2 19. Nxd2 Rfc8 20. c4 Na5
21. cxd5 exd5 22. Ra1 Rc3 23. Bf1 Re8 24. Rxe8+ Bxe8 25. Nf3 Nc4 26. Bxc4 dxc4
0-1

[Event "Mechanics' Peter Grey TNM; G/2 d5"]
[Site "San Francisco"]
[Date "2017.09.05"]
[Round "5.29"]
[White "Erdenebileg, Erkhe"]
[Black "Tuck, Drew"]
[Result "1/2-1/2"]
[WhiteElo "1421"]
[BlackElo "1624"]
[PlyCount "107"]
[EventDate "2017.??.??"]

1. e4 e5 2. Nf3 Nc6 3. Bc4 Nf6 4. d3 Bc5 5. Bg5 h6 6. Bh4 g5 7. Bg3 d6 8. h3
Be6 9. Bb3 Qe7 10. Nc3 Nd4 11. Nxd4 Bxd4 12. Qd2 O-O-O 13. Bxe6+ fxe6 14. O-O-O
d5 15. exd5 exd5 16. Kb1 Rhe8 17. f3 e4 18. fxe4 dxe4 19. dxe4 Nxe4 20. Nxe4
Qxe4 21. Qd3 Qxd3 22. Rxd3 Re2 23. c3 Bb6 24. Rxd8+ Kxd8 25. Rd1+ Kc8 26. Rd3
Rxg2 27. Be5 Re2 28. Bg7 Re6 29. Kc2 Rg6 30. Be5 h5 31. Kd2 c6 32. Bd4 Bxd4 33.
Rxd4 g4 34. hxg4 hxg4 35. Ke2 g3 36. Kf1 Rf6+ 37. Kg2 Rf2+ 38. Kxg3 Rxb2 39. a4
Rb3 40. Rc4 Kc7 41. Kf4 Kd6 42. Ke4 c5 43. Kd3 Kd5 44. Rh4 Ra3 45. Rh5+ Kc6 46.
Rh6+ Kc7 47. Rh4 b6 48. Kc2 Ra2+ 49. Kb3 Rd2 50. Rh7+ Rd7 51. Rh4 a6 52. Rh5
Kc6 53. Rh6+ Rd6 54. Rh8 1/2-1/2

[Event "Mechanics' Summer TNM; G/2 d5"]
[Site "San Francisco"]
[Date "2017.07.11"]
[Round "7.39"]
[White "Erdenebileg, Erkhes"]
[Black "Boldi, Nicholas"]
[Result "1-0"]
[WhiteElo "1499"]
[BlackElo "1115"]
[PlyCount "69"]
[EventDate "2017.??.??"]

1. e4 e6 2. d4 d5 3. Nc3 Bb4 4. e5 c5 5. a3 cxd4 6. Qxd4 Nc6 7. Bb5 Bxc3+ 8.
Qxc3 Bd7 9. Nf3 d4 10. Qd3 a6 11. Bxc6 Bxc6 12. O-O Bb5 13. Qxd4 Qxd4 14. Nxd4
Bxf1 15. Kxf1 Rd8 16. c3 Ne7 17. Bg5 Rd7 18. Ke2 Ng6 19. Nf3 Rd5 20. Rd1 Rxd1
21. Kxd1 O-O 22. Be3 Rd8+ 23. Bd4 Ne7 24. Ke2 Nc6 25. Ke3 Nxd4 26. Nxd4 Rd5 27.
f4 g5 28. g3 gxf4+ 29. gxf4 Rd8 30. Ke4 Kh8 31. f5 exf5+ 32. Kxf5 Kg7 33. e6
fxe6+ $4 (33... Re8) 34. Nxe6+ Kg8 35. Nxd8 1-0

[Event "Mechanics' Summer TNM; G/2 d5"]
[Site "San Francisco"]
[Date "2017.07.18"]
[Round "8.25"]
[White "Erdenebileg, Erkhes"]
[Black "Dupree, Charles"]
[Result "0-1"]
[WhiteElo "1499"]
[BlackElo "1636"]
[PlyCount "86"]
[EventDate "2017.??.??"]

1. e4 c5 2. Nf3 e6 3. d4 cxd4 4. Nxd4 a6 5. Nc3 Qc7 6. a3 Nf6 7. Be2 b5 8. Be3
b4 9. axb4 Bxb4 10. Qd3 Bb7 11. f3 d5 12. exd5 Nxd5 13. Bd2 Nf4 14. Bxf4 Qxf4
15. O-O Bc5 16. Rad1 Nc6 17. Kh1 Bxd4 18. Ne4 Rd8 19. Qb3 Qc7 20. c3 Be5 21.
Nc5 Na5 22. Rxd8+ Kxd8 23. Nxb7+ Nxb7 24. Rd1+ Ke7 25. Bxa6 Nc5 26. Qb4 Bd6 27.
Bf1 Rb8 28. Qh4+ Ke8 29. Qxh7 Be5 30. Qh8+ Ke7 31. Qh4+ Bf6 32. Qc4 Rxb2 33.
Bd3 Rb7 34. Be4 Nxe4 35. Qxe4 Rb3 36. Qd3 Rxc3 37. Qd2 Rc4 38. Qa2 Bd4 39. Qa3+
Kf6 40. Qd3 e5 41. Qe4 Bb6 42. Qh4+ Rxh4 43. Rc1 Qxc1# 0-1

[Event "Mechanics' Spring TNM; G/2"]
[Site "San Francisco"]
[Date "2017.03.14"]
[Round "1.10"]
[White "Erdenebileg, Erkhes"]
[Black "Ismakov, Arthur"]
[Result "0-1"]
[WhiteElo "1551"]
[BlackElo "2114"]
[Annotator "Donaldson"]
[PlyCount "90"]
[EventDate "2017.??.??"]

1. e4 d5 2. exd5 Qxd5 3. Nc3 Qa5 4. d4 Nf6 5. Nf3 c6 6. Bc4 Bg4 7. h3 (7. Bxf7+
$4 Kxf7 8. Ne5+ Qxe5+ 9. dxe5 Bxd1) 7... Bh5 8. O-O (8. g4 Bg6 9. Ne5 e6 10. h4
Nbd7 11. Nxd7 Nxd7 12. h5 Be4 13. O-O Bd5 14. Nxd5 cxd5 15. Bd3) 8... e6 9. a3
(9. Re1 Bb4 10. Bd2) 9... Nbd7 10. Re1 Be7 11. Be3 (11. Qd3 Bg6 12. Qe2) 11...
O-O 12. Qe2 Rfe8 13. Bd2 (13. Rad1) 13... Qb6 14. Qe3 Bxf3 15. Qxf3 Qxd4 16.
Qd3 (16. Qe2) 16... Qxd3 17. Bxd3 Nd5 18. Nxd5 cxd5 19. Bb5 Red8 20. Rac1 Bf6
21. c3 a6 22. Bxd7 (22. Be2) 22... Rxd7 23. Be3 Rc8 24. Bd4 Bxd4 25. cxd4 Rdc7
26. Rxc7 Rxc7 27. Re2 Rc1+ 28. Kh2 Rd1 29. Rc2 g5 30. Rc8+ Kg7 31. Rc7 b5 32.
Ra7 Rxd4 33. Rxa6 Rd2 34. b4 Rxf2 35. Rb6 Ra2 36. Rxb5 Rxa3 37. Ra5 Rb3 38. b5
d4 39. Ra4 e5 40. Ra5 d3 41. b6 e4 42. Rxg5+ Kf6 43. Rd5 Ke6 44. Rd4 Ke5 45.
Rd7 Rxb6 0-1

[Event "Mechanics' Spring TNM; G/2"]
[Site "San Francisco"]
[Date "2017.05.02"]
[Round "8.28"]
[White "Erdenebileg, Erkhes"]
[Black "MacIntyre, Brendan"]
[Result "1-0"]
[WhiteElo "1551"]
[BlackElo "1502"]
[PlyCount "73"]
[EventDate "2017.??.??"]

1. e4 c5 2. Nf3 Nc6 3. d4 cxd4 4. Nxd4 g6 5. Be3 Bg7 6. Nc3 d6 7. Bb5 Bd7 8.
O-O Nf6 9. f3 O-O 10. Qd2 Nxd4 11. Bxd7 Nxf3+ 12. Rxf3 Qxd7 13. h3 Qc6 14. Qd3
Nd7 15. Qd2 Ne5 16. Rf2 Nc4 17. Qc1 Nxe3 18. Qxe3 a6 19. Nd5 Rae8 20. c3 e6 21.
Nf6+ Bxf6 22. Rxf6 Qb5 23. Qf2 Re7 24. Rd1 Qe5 25. Qf4 Kg7 26. Qxe5 dxe5 27.
Rf3 f5 28. Re1 Rd7 29. exf5 exf5 30. Rxe5 Kf6 31. Rfe3 Rfd8 32. Re6+ Kf7 33.
Rb6 Rd1+ 34. Kh2 R8d7 35. Re2 R1d6 36. Rb4 b5 37. a4 {
White went on to win. Remaining moves unavailable.} 1-0

[Event "Mechanics' Spring TNM; G/2"]
[Site "San Francisco"]
[Date "2017.04.11"]
[Round "5.40"]
[White "Erdenebileg, Erkhes"]
[Black "Robertson, Guy"]
[Result "1-0"]
[WhiteElo "1551"]
[BlackElo "1463"]
[PlyCount "109"]
[EventDate "2017.??.??"]

1. e4 e6 2. d4 c5 3. Nf3 cxd4 4. Nxd4 Nc6 5. Be3 Nf6 6. f3 Be7 7. Be2 O-O 8.
O-O a6 9. a3 d5 10. Nc3 Bd7 11. Qd2 Rc8 12. Rfe1 Qc7 13. Kh1 Nxd4 14. Bxd4 dxe4
15. fxe4 Bc6 16. Bf3 Rfd8 17. Qe3 Qb8 18. Ba7 Qa8 19. Rad1 Rxd1 20. Rxd1 b5 21.
Bd4 h6 22. Rf1 b4 23. axb4 Bxb4 24. e5 Nd5 25. Nxd5 Bxd5 26. c3 Bf8 27. Bxd5
Qxd5 28. Qd3 Qc4 29. Qf3 Rc7 30. Bb6 Rd7 31. Bd4 Qd5 32. Qxd5 Rxd5 33. Ra1 a5
34. h3 Rb5 35. c4 Rb4 36. Bc3 Rxc4 37. Rxa5 Kh7 38. Ra7 Kg6 39. Rb7 f6 40. exf6
gxf6 41. Rb6 Kf5 42. g4+ Kf4 43. Rxe6 Kg3 44. Rxf6 Bg7 45. Rd6 Bxc3 46. Rd3+
Kf2 47. Rxc3 Re4 48. b3 Re1+ 49. Kh2 Rb1 50. h4 Rb2 51. g5 hxg5 52. hxg5 Ra2
53. g6 Ra7 54. Rg3 Rg7 55. b4 1-0

[Event "Mechanics' Winter TNM; G/2"]
[Site "San Francisco"]
[Date "2017.01.10"]
[Round "2.32"]
[White "Erdenebileg, Erkhes"]
[Black "Sadowsky, Jacob"]
[Result "0-1"]
[WhiteElo "1412"]
[BlackElo "1701"]
[PlyCount "56"]
[EventDate "2017.??.??"]

1. e4 Nf6 2. e5 Nd5 3. Nf3 d6 4. exd6 exd6 5. c4 Nb6 6. d4 Nc6 7. Be2 Be7 8.
O-O O-O 9. Nc3 Bg4 10. b3 Re8 11. Be3 Bf6 12. h3 Bh5 13. Qd2 Qd7 14. Rfe1 Re7
15. Rad1 Rae8 16. a3 Bxf3 17. Bxf3 Nxd4 18. Bxd4 Rxe1+ 19. Rxe1 Rxe1+ 20. Qxe1
Bxd4 21. Bxb7 c6 22. Ba6 g6 23. Ne4 Qe6 24. Qe2 Qe5 25. Qd3 f5 26. Nd2 Qe1+ 27.
Nf1 Qxf2+ 28. Kh1 Qg1# 0-1

[Event "Mechanics' Winter TNM; G/2"]
[Site "San Francisco"]
[Date "2017.02.14"]
[Round "7.30"]
[White "Erdenebileg, Erkhes"]
[Black "Yanofsky, Kevin"]
[Result "0-1"]
[WhiteElo "1412"]
[BlackElo "1716"]
[Annotator "Donaldson"]
[PlyCount "84"]
[EventDate "2017.??.??"]

1. e4 c5 2. Nf3 g6 3. d4 cxd4 4. Nxd4 Nc6 5. c4 Nf6 6. Nc3 d6 7. Be3 $2 (7. Be2
) (7. f3) 7... Ng4 8. Qd2 Nxe3 9. Qxe3 Bg7 10. Nb3 O-O 11. Be2 b6 12. O-O Ba6
13. Rfe1 Rc8 14. Rac1 Ne5 15. Nd2 Bxc4 16. Nxc4 Nxc4 17. Bxc4 Rxc4 18. Red1
Bxc3 19. Rxc3 Qc8 20. Rdc1 Rxc3 21. Rxc3 Qe6 22. Ra3 Rc8 23. f3 Rc7 24. Qb3
Qxb3 25. Rxb3 Rc2 26. Kf1 Kg7 27. h3 f5 28. exf5 gxf5 29. g4 Kf6 30. Kg1 e5 31.
Ra3 d5 32. Rxa7 d4 33. Rxh7 d3 34. Rh6+ Ke7 35. Rh7+ Ke6 36. gxf5+ Kxf5 37. Kf1
Rh2 38. Rh5+ Kf4 39. Rh6 d2 40. Rd6 Kxf3 41. Rd3+ Kf4 42. Kg1 Re2 0-1

[Event "Mechanics' Fall TNM; G/2 d5"]
[Site "San Francisco"]
[Date "2017.11.28"]
[Round "6.43"]
[White "Erdenebileg, Matthew Erkhes"]
[Black "Bayaraa, Timothy"]
[Result "1-0"]
[WhiteElo "1481"]
[BlackElo "945"]
[PlyCount "73"]
[EventDate "2017.??.??"]

1. e4 e5 2. Nf3 Nc6 3. Bc4 Bc5 4. Nc3 Nf6 5. d3 d6 6. h3 h6 7. Be3 Nd4 8. Bxd4
exd4 9. Ne2 Bb4+ 10. c3 dxc3 11. Nxc3 Bxc3+ 12. bxc3 d5 13. exd5 Nxd5 14. Bxd5
Qxd5 15. O-O O-O 16. Re1 Bd7 17. d4 Bc6 18. Re5 Qd6 19. Re1 Bxf3 20. Qxf3 b6
21. Qd3 c5 22. d5 Rae8 23. c4 a6 24. a4 a5 25. Red1 f5 26. Re1 Rxe1+ 27. Rxe1
f4 28. Re6 Qd7 29. Qb3 Rf6 30. Rxf6 gxf6 31. Qxb6 Qxa4 32. Qxc5 Qa1+ 33. Kh2 a4
34. d6 Qd1 35. Qc8+ Kg7 36. d7 a3 37. d8=Q 1-0

[Event "Mechanics' Fall TNM; G/2 d5"]
[Site "San Francisco"]
[Date "2017.12.12"]
[Round "8.24"]
[White "Erdenebileg, Matthew Erkhes"]
[Black "Cendejas, Juan"]
[Result "0-1"]
[WhiteElo "1481"]
[BlackElo "1688"]
[PlyCount "70"]
[EventDate "2017.??.??"]

1. e4 e5 2. Nf3 Nc6 3. Bc4 Bc5 4. c3 Qe7 5. d3 Nf6 6. Bg5 h6 7. Bh4 d6 8. h3
Be6 9. Bb3 O-O-O 10. O-O g5 11. Bg3 Rhg8 12. Bxe6+ fxe6 13. Nbd2 g4 14. hxg4
Rxg4 15. Kh1 Rdg8 16. Nh2 R4g7 17. Qe2 Ng4 18. Nxg4 Rxg4 19. Nf3 h5 20. Nh2
R4g7 21. Qxh5 Rh7 22. Qf3 Qg5 23. Rg1 Rgh8 24. Rgf1 Qh6 25. Kg1 Ne7 26. Qg4 Rg8
27. Qf3 Ng6 28. b4 Bb6 29. Qg4 Ne7 30. Qf3 Kd7 31. a4 a6 32. a5 Ba7 33. Rfe1
Rhg7 34. Nf1 Ng6 35. Qf6 Rh7 0-1

[Event "Mechanics' Fall TNM; G/2 d5"]
[Site "San Francisco"]
[Date "2017.11.14"]
[Round "4.27"]
[White "Erdenebileg, Matthew Erkhes"]
[Black "Wonsever, James"]
[Result "0-1"]
[WhiteElo "1481"]
[BlackElo "1812"]
[PlyCount "72"]
[EventDate "2017.??.??"]

1. e4 c5 2. Nf3 e6 3. d4 cxd4 4. Nxd4 Nc6 5. Be3 Nf6 6. Nc3 Bb4 7. Bg5 Qa5 8.
Nde2 Qxg5 9. a3 Bxc3+ 10. Nxc3 a6 11. g3 Qc5 12. Bg2 O-O 13. O-O d6 14. Qd2 Rd8
15. Rad1 e5 16. Kh1 Be6 17. Nd5 Bxd5 18. exd5 Ne7 19. h3 Rac8 20. c3 h6 21. Kg1
Re8 22. Rfe1 Nd7 23. Rb1 f5 24. Red1 Nf6 25. Rbc1 e4 26. c4 Ng6 27. a4 a5 28.
b3 e3 29. fxe3 Rxe3 30. Qd4 {Diagram [#]} Re1+ 31. Rxe1 Qxd4+ 32. Kh2 Ne4 33.
Bxe4 fxe4 34. Rcd1 Qb2+ 35. Kh1 Re8 36. Rb1 Qf2 0-1

[Event "Mechanics' Summer TNM; G/2 d5"]
[Site "San Francisco"]
[Date "2017.05.23"]
[Round "1.5"]
[White "Eren, Baran"]
[Black "Chan, John"]
[Result "1-0"]
[WhiteElo "2260"]
[BlackElo "1582"]
[PlyCount "119"]
[EventDate "2017.??.??"]

1. c4 e6 2. g3 c6 3. Bg2 Nf6 4. Nf3 h6 5. O-O d6 6. d4 Nbd7 7. b3 g6 8. Bb2 Bg7
9. Nbd2 O-O 10. e4 Nh7 11. e5 d5 12. Rc1 Re8 13. Qc2 a5 14. Rfe1 h5 15. Ba3 Bf8
16. Bd6 Nb8 17. c5 Na6 18. a3 Bh6 19. Bf1 Nc7 20. Bd3 Kg7 21. Nh4 Qg5 22. f4
Qg4 23. Be2 Qh3 24. Bf1 Qg4 25. Bxc7 Bxf4 26. Qd1 Qxd1 27. Rcxd1 Bh6 28. Nhf3
Bd7 29. Bd3 Kg8 30. Kg2 Bf8 31. Bd6 Kg7 32. h4 Bxd6 33. exd6 f6 34. Nb1 Rab8
35. Nc3 b5 36. b4 Ra8 37. Ra1 a4 38. Re3 Rf8 39. Rae1 Rae8 40. Ne2 Rg8 41. Nf4
Nf8 42. Kf2 Rh8 43. Ke2 Rg8 44. Kd2 Rh8 45. Rb1 Kh6 46. Re2 Rg8 47. Rbe1 Kg7
48. Nh2 Rh8 49. Rg1 e5 50. Rge1 e4 51. Bxe4 dxe4 52. Rxe4 Rxe4 53. Rxe4 Kh6 54.
Re7 Rh7 55. d5 cxd5 56. Nxd5 Rxe7 57. dxe7 Ne6 58. Nxf6 Bc6 59. e8=Q Bxe8 60.
Nxe8 1-0

[Event "Mechanics' Summer TNM; G/2 d5"]
[Site "San Francisco"]
[Date "2017.06.20"]
[Round "5.5"]
[White "Eren, Baran"]
[Black "Gaffagan, Steven"]
[Result "1/2-1/2"]
[WhiteElo "2260"]
[BlackElo "2080"]
[PlyCount "67"]
[EventDate "2017.??.??"]

1. c4 Nf6 2. g3 e6 3. Bg2 d5 4. Nf3 c6 5. O-O Nbd7 6. b3 Be7 7. Bb2 O-O 8. d3
a5 9. Nc3 Bb4 10. Qc2 Re8 11. e4 dxe4 12. Nxe4 Nxe4 13. dxe4 e5 14. Rfd1 Qc7
15. a3 Bf8 16. Bc3 f6 17. b4 axb4 18. axb4 Rxa1 19. Rxa1 Nb6 20. c5 Nc4 21. Bf1
Qf7 22. Ra8 b5 23. cxb6 Nxb6 24. Ra1 h6 25. Bd2 Be6 26. Qxc6 Nc4 27. Ra7 Qxa7
28. Qxe8 Bf7 29. Qc8 Qa2 30. Be1 Nd6 31. Qc6 Qb1 32. b5 Be8 33. Qd5+ Kh7 34.
Qd3 1/2-1/2

[Event "Mechanics' Fall TNM; G/2 d5"]
[Site "San Francisco"]
[Date "2017.12.19"]
[Round "9.23"]
[White "Erickson, Lane"]
[Black "Babayan, Gagik"]
[Result "1-0"]
[WhiteElo "1547"]
[BlackElo "1769"]
[Annotator "Donaldson"]
[PlyCount "37"]
[EventDate "2017.??.??"]

1. e4 d5 2. exd5 Nf6 3. c4 c6 4. dxc6 Nxc6 5. Ne2 e5 6. g3 Bc5 7. Bg2 Bxf2+ $2
(7... Be6) (7... Qd3) 8. Kxf2 Ng4+ 9. Ke1 Qb6 10. d4 $1 exd4 11. Qb3 Qa5+ 12.
Bd2 Qe5 13. Qb5 Qc7 14. Bf4 Qd7 15. h3 Nf6 16. Bxc6 bxc6 17. Qe5+ Qe6 18. Nxd4
Qxe5+ 19. Bxe5 {and White went on to win.} 1-0

[Event "Mechanics' Winter TNM; G/2"]
[Site "San Francisco"]
[Date "2017.02.07"]
[Round "6.23"]
[White "Erickson, Lane"]
[Black "Drane, Robert W"]
[Result "1-0"]
[WhiteElo "1648"]
[BlackElo "1891"]
[Annotator "Donaldson"]
[PlyCount "63"]
[EventDate "2017.??.??"]

1. Nf3 f5 2. d3 {This is a tricky anti-Dutch weapon. White takes advantage
that he hasn't committed to d4 to aim for e4,} Nc6 3. e4 d6 (3... e5 4. Nc3 Nf6
5. exf5 d5 6. d4 exd4 7. Nxd4 Nxd4 8. Qxd4 Bxf5 9. Bg5 {
has been tested several times.}) 4. exf5 Bxf5 5. d4 e6 6. Bb5 a6 7. Ba4 Be7 $2
(7... b5 8. Bb3 {looks safer.} d5) 8. d5 $1 exd5 9. Qxd5 Qd7 $2 {Diagram [#]} (
9... Bg4) 10. Nd4 $1 b5 11. Bb3 Nxd4 12. Qxa8+ Bd8 13. Bg5 Bxc2 14. Bxc2 (14.
O-O $1) 14... Nxc2+ 15. Kd2 Nxa1 16. Re1+ Kf7 17. Qxd8 Qxd8 18. Bxd8 Nf6 $2 (
18... b4 {had to be tried.}) 19. Bxf6 gxf6 20. Nc3 Rg8 21. g3 Nb3+ 22. axb3 c6
23. Ne4 Rd8 24. b4 c5 25. Kc3 cxb4+ 26. Kxb4 d5 27. Rd1 Ke6 28. Nc5+ Ke5 29. f3
Rd6 30. Nd3+ Kd4 31. Nf4+ Ke5 32. Kc5 1-0

[Event "Mechanics' Fall TNM; G/2 d5"]
[Site "San Francisco"]
[Date "2017.10.31"]
[Round "2.40"]
[White "Erickson, Lane"]
[Black "Harris, Clarence"]
[Result "1-0"]
[WhiteElo "1547"]
[BlackElo "1419"]
[PlyCount "61"]
[EventDate "2017.??.??"]

1. e4 e5 2. Nf3 Nc6 3. Bb5 a6 4. Ba4 Nf6 5. O-O Be7 6. Re1 b5 7. Bb3 O-O 8. c3
d5 9. exd5 Nxd5 10. Nxe5 Nxe5 11. Rxe5 c6 12. d4 Bd6 13. Re1 Qh4 14. g3 Qh3 15.
Qf3 Bg4 16. Qg2 Qh5 17. Bxd5 cxd5 18. Be3 Rae8 19. Nd2 Re6 20. f3 Bh3 21. Qh1
f5 22. f4 Rfe8 23. Qxd5 Kf8 24. Nf3 Bxf4 25. Bxf4 Rxe1+ 26. Rxe1 Rxe1+ 27. Nxe1
g5 28. Qd8+ Kf7 29. Qd7+ Kf6 30. Be5+ Kg6 31. Qg7# 1-0

[Event "Mechanics' Fall TNM; G/2 d5"]
[Site "San Francisco"]
[Date "2017.12.05"]
[Round "7.43"]
[White "Erickson, Lane"]
[Black "Howell, Keith K"]
[Result "1-0"]
[WhiteElo "1547"]
[BlackElo "1207"]
[PlyCount "61"]
[EventDate "2017.??.??"]

1. e4 c5 2. Nc3 Nc6 3. g3 Nf6 4. e5 $2 Nxe5 5. Bg2 d5 6. d4 Nc6 7. dxc5 e6 8.
Na4 Qa5+ (8... Bxc5) 9. c3 Bd7 10. b4 Qc7 11. Ne2 b5 12. Nb2 a5 13. Nd3 axb4
14. cxb4 Ra4 15. Nc3 Ra8 16. Bf4 Qb7 17. O-O Be7 18. a3 O-O 19. Ne5 Rfd8 20.
Nxd7 Rxd7 21. Qe2 Rb8 22. Bxb8 Qxb8 23. Qxb5 Qxb5 24. Nxb5 e5 25. Rfd1 e4 26.
Nd4 Nxd4 27. Rxd4 Bd8 28. Rad1 Re7 29. a4 Bc7 30. b5 Nd7 31. Rxd5 1-0

[Event "Mechanics' Fall TNM; G/2 d5"]
[Site "San Francisco"]
[Date "2017.11.14"]
[Round "4.20"]
[White "Erickson, Lane"]
[Black "Koepcke, Richard W"]
[Result "0-1"]
[WhiteElo "1547"]
[BlackElo "2200"]
[PlyCount "40"]
[EventDate "2017.??.??"]

1. g4 d5 2. Bg2 c6 3. h3 e5 4. d3 Be6 5. Nf3 Bd6 6. Bg5 Qb6 7. Qc1 f6 8. Bh4 g5
9. Bg3 h5 10. gxh5 Qc7 11. Nbd2 Ne7 12. e4 Nd7 13. a3 O-O-O 14. c4 Rxh5 15. b4
dxc4 16. Nxc4 Rdh8 17. d4 Bxh3 18. Nxd6+ Qxd6 19. dxe5 Qd3 20. Bf1 Qxf3 0-1

[Event "Mechanics' Summer TNM; G/2 d5"]
[Site "San Francisco"]
[Date "2017.06.06"]
[Round "3.33"]
[White "Erickson, Lane"]
[Black "Mathrubootham, Gan"]
[Result "1-0"]
[WhiteElo "1681"]
[BlackElo "1393"]
[PlyCount "49"]
[EventDate "2017.??.??"]

1. e4 e6 2. Qe2 c5 3. Nf3 Nc6 4. g3 Nge7 5. Nc3 a6 6. a4 Nb4 7. d4 cxd4 8. Nxd4
d5 9. Bg2 Nec6 10. Be3 Be7 11. O-O-O O-O 12. exd5 exd5 13. Qh5 Be6 14. Nxe6
fxe6 15. Qg4 Rf6 16. h4 b5 17. Bg5 Rg6 18. Be4 Ne5 19. Qh3 Qf8 20. Bxg6 Nxg6
21. Qxe6+ Kh8 22. Nxd5 Qxf2 23. Nxb4 Bxb4 24. c3 Nf8 25. Qc6 1-0

[Event "Mechanics' Summer TNM; G/2 d5"]
[Site "San Francisco"]
[Date "2017.07.11"]
[Round "7.12"]
[White "Erickson, Lane"]
[Black "Riese, Kayven"]
[Result "1-0"]
[WhiteElo "1681"]
[BlackElo "1938"]
[Annotator "Donaldson"]
[PlyCount "61"]
[EventDate "2017.??.??"]

1. g4 d5 2. Bg2 e5 (2... Bxg4 3. c4 dxc4 4. Bxb7 Nd7) 3. c4 d4 4. Qb3 c6 5. d3
Bd6 6. Nd2 Nd7 7. Ne4 Bc7 8. Nf3 Ngf6 (8... Ne7) 9. Bg5 h6 10. Bh4 g5 (10...
Ba5+ 11. Nfd2 Nxe4 12. Bxd8 Nxd2 13. Bxa5 (13. Qa4 Nf3+ 14. Kd1) 13... Nxb3 14.
axb3) 11. Nxf6+ Qxf6 12. Bg3 Ba5+ 13. Nd2 Rb8 $2 (13... h5) 14. Qa3 Bxd2+ 15.
Kxd2 a6 $6 (15... b5) 16. Raf1 (16. e3 $1) 16... Qe6 17. h3 (17. h4 $1 Qxg4 $2
18. Bh3 Qh5 19. Bxd7+ Bxd7 20. Qd6 $2) 17... Rf8 18. e3 dxe3+ (18... c5) 19.
fxe3 b5 20. cxb5 Rxb5 21. Rc1 ({The subtle} 21. Kc1 {may have been better. The
idea is to bring the king to K1 and only later Rc1 or Be4 (the latter when has
committed to ...Bb7 or ...c5 taking away ...Nc5).} Bb7 22. Be4 Nc5 23. Bf5)
21... c5 22. b4 $5 ({Inspired but} 22. Rhf1 {
followed by Be4 was the more methodical approach.}) 22... Qb6 $2 (22... Rxb4
23. Rb1 {with compensation for the pawn.}) 23. bxc5 Qe6 24. d4 f5 25. gxf5 Rxf5
26. Be4 (26. d5 $1) 26... Rf7 $2 (26... Nf6 $1 27. Bxf5 Qxf5 {
with excellent play on the light squares.}) 27. d5 Qe7 28. d6 Qf8 29. c6 {
Diagram [#]} (29. Bg6 $1) 29... Rf2+ $2 (29... Nc5 $1 30. d7+ $2 Bxd7 31. Ke2 (
31. cxd7+ $2 Rxd7+) 31... Be6 32. Bg6) 30. Ke1 Rf3 31. Bg6+ 1-0

[Event "Mechanics' Spring TNM; G/2"]
[Site "San Francisco"]
[Date "2017.04.11"]
[Round "5.39"]
[White "Erickson, Lane"]
[Black "Robertson, Terrance"]
[Result "1-0"]
[WhiteElo "1645"]
[BlackElo "1380"]
[PlyCount "39"]
[EventDate "2017.??.??"]

1. Nf3 d5 2. b4 Nf6 3. Bb2 e6 4. a3 b6 5. g3 Nbd7 6. d3 Bb7 7. Nbd2 Be7 8. Bg2
O-O 9. c4 a5 10. bxa5 Rxa5 11. Nb3 Ra6 12. cxd5 Nxd5 13. O-O N7f6 $2 {
Diagram [#]} 14. e4 Nxe4 15. dxe4 Nf6 16. Qe2 Nxe4 17. Ne5 Qd5 18. Qc2 Rfa8 19.
Rfd1 Qb5 20. Bf1 1-0

[Event "Mechanics' Summer TNM; G/2 d5"]
[Site "San Francisco"]
[Date "2017.07.18"]
[Round "8.7"]
[White "Erickson, Lane"]
[Black "Tracy, Joseph J"]
[Result "0-1"]
[WhiteElo "1681"]
[BlackElo "2088"]
[Annotator "Donaldson"]
[PlyCount "74"]
[EventDate "2017.??.??"]

1. c4 e6 2. Nc3 Nf6 3. e4 c5 4. e5 Ng8 5. Nf3 Nc6 6. d4 cxd4 7. Nxd4 Nxe5 8.
Ndb5 a6 9. Nd6+ Bxd6 10. Qxd6 f6 11. Be3 Nf7 12. Qb4 Qe7 13. Bc5 d6 14. Bb6 Bd7
15. Bc7 Bc6 16. Bb6 Ngh6 17. O-O-O O-O 18. h3 Rac8 19. Rg1 Nf5 20. f4 Ng3 21.
Bd3 f5 22. Rde1 Qf6 23. Re3 Qh4 24. c5 e5 25. cxd6 e4 26. Bc4 Qxf4 27. Ne2 $4 (
27. Rd1 $11) 27... Nxe2+ 28. Bxe2 Bb5+ 29. Kd1 Qxd6+ 30. Qxd6 Nxd6 31. Bxb5
Nxb5 32. g4 Rc6 33. Ba5 Rfc8 34. Bd2 Rg6 35. h4 Nd6 36. Bb4 f4 37. Rb3 Nc4 0-1